[Event "ODJM A 2023"]
[Site "Willingen GER"]
[Date "2023.05.31"]
[Round "6"]
[White "Köhler, Lukas"]
[Black "Hofmann, Benjamin"]
[Result "1-0"]
[Termination "normal"]
[Board "15"]
[WhiteElo "2078"]
[BlackElo "1700"]
[WhiteClock "00:27:39"]
[BlackClock "01:27:12"]
[PlyCount "85"]
[WhiteFideId "16221990"]
[BlackFideId "16270266"]
[EventCountry "GER"]
[EventRounds "9"]
[EventType "swiss"]
[EventDate "2023.05.27"]

1. d4 {[%clk 01:30:40]} {[%emt 00:00:20]} d5 {[%clk 01:30:54]} {[%emt
00:00:05]} 2. c4 {[%clk 01:30:58]} {[%emt 00:00:12]} dxc4 {[%clk 01:31:13]}
{[%emt 00:00:11]} 3. e4 {[%clk 01:31:18]} {[%emt 00:00:11]} e5 {[%clk
01:31:36]} {[%emt 00:00:07]} 4. Nf3 {[%clk 01:31:39]} {[%emt 00:00:07]} exd4
{[%clk 01:31:40]} {[%emt 00:00:27]} 5. Bxc4 {[%clk 01:32:00]} {[%emt 00:00:09]}
Nc6 {[%clk 01:30:36]} {[%emt 00:01:34]} 6. O-O {[%clk 01:32:15]} {[%emt
00:00:15]} h6 {[%clk 01:30:34]} {[%emt 00:00:33]} 7. a3 {[%clk 01:04:47]}
{[%emt 00:27:57]} Bg4 {[%clk 01:28:20]} {[%emt 00:02:44]} 8. Qb3 {[%clk
00:57:48]} {[%emt 00:07:29]} Qd7 {[%clk 01:25:50]} {[%emt 00:03:01]} 9. Bxf7+
{[%clk 00:52:13]} {[%emt 00:06:06]} Qxf7 {[%clk 01:25:13]} {[%emt 00:01:05]}
10. Qxb7 {[%clk 00:52:24]} {[%emt 00:00:19]} Kd7 {[%clk 01:16:44]} {[%emt
00:09:00]} 11. Qxc6+ {[%clk 00:37:41]} {[%emt 00:15:13]} Kxc6 {[%clk 01:17:07]}
{[%emt 00:00:07]} 12. Ne5+ {[%clk 00:38:07]} {[%emt 00:00:03]} Kb7 {[%clk
01:17:26]} {[%emt 00:00:11]} 13. Nxf7 {[%clk 00:38:33]} {[%emt 00:00:04]} Rh7
{[%clk 01:17:46]} {[%emt 00:00:11]} 14. Ne5 {[%clk 00:36:29]} {[%emt 00:02:33]}
Be2 {[%clk 01:17:56]} {[%emt 00:00:20]} 15. Re1 {[%clk 00:36:47]} {[%emt
00:00:14]} d3 {[%clk 01:18:12]} {[%emt 00:00:13]} 16. Nc3 {[%clk 00:34:53]}
{[%emt 00:02:25]} Rd8 {[%clk 01:17:00]} {[%emt 00:01:41]} 17. Be3 {[%clk
00:28:43]} {[%emt 00:06:40]} Re8 {[%clk 01:12:57]} {[%emt 00:04:35]} 18. Nc4
{[%clk 00:27:59]} {[%emt 00:01:11]} Bh5 {[%clk 01:12:50]} {[%emt 00:00:38]} 19.
f3 {[%clk 00:25:04]} {[%emt 00:03:25]} g5 {[%clk 01:11:48]} {[%emt 00:01:32]}
20. Red1 {[%clk 00:23:49]} {[%emt 00:01:46]} Rd7 {[%clk 01:10:53]} {[%emt
00:01:24]} 21. b4 {[%clk 00:20:50]} {[%emt 00:03:31]} Bg7 {[%clk 01:10:09]}
{[%emt 00:01:13]} 22. Rac1 {[%clk 00:20:28]} {[%emt 00:00:51]} Bxc3 {[%clk
01:07:09]} {[%emt 00:03:31]} 23. Rxc3 {[%clk 00:20:42]} {[%emt 00:00:16]} Rxe4
{[%clk 01:03:17]} {[%emt 00:04:23]} 24. g4 {[%clk 00:16:21]} {[%emt 00:04:50]}
Rxc4 {[%clk 01:03:32]} {[%emt 00:00:15]} 25. Rxc4 {[%clk 00:16:26]} {[%emt
00:00:26]} Bg6 {[%clk 01:03:39]} {[%emt 00:00:22]} 26. Kf2 {[%clk 00:15:46]}
{[%emt 00:01:10]} Nf6 {[%clk 01:03:22]} {[%emt 00:00:47]} 27. Bd2 {[%clk
00:14:42]} {[%emt 00:01:34]} Rf7 {[%clk 01:02:18]} {[%emt 00:01:33]} 28. Kg3
{[%clk 00:14:17]} {[%emt 00:00:54]} Ne8 {[%clk 00:58:37]} {[%emt 00:04:11]} 29.
Re1 {[%clk 00:12:42]} {[%emt 00:02:05]} Nd6 {[%clk 00:57:52]} {[%emt 00:01:15]}
30. Rc5 {[%clk 00:12:08]} {[%emt 00:01:03]} a6 {[%clk 00:56:26]} {[%emt
00:01:59]} 31. Re6 {[%clk 00:11:33]} {[%emt 00:01:03]} Bh7 {[%clk 00:56:08]}
{[%emt 00:00:48]} 32. Rxh6 {[%clk 00:07:43]} {[%emt 00:04:20]} Nb5 {[%clk
00:55:52]} {[%emt 00:00:47]} 33. Rxh7 {[%clk 00:06:12]} {[%emt 00:02:01]} Rxh7
{[%clk 00:56:06]} {[%emt 00:00:16]} 34. Rd5 {[%clk 00:05:21]} {[%emt 00:01:21]}
Nxa3 {[%clk 00:56:11]} {[%emt 00:00:25]} 35. Rxd3 {[%clk 00:05:41]} {[%emt
00:00:11]} Nc2 {[%clk 00:56:12]} {[%emt 00:00:29]} 36. Rd5 {[%clk 00:05:18]}
{[%emt 00:00:51]} Rg7 {[%clk 00:56:16]} {[%emt 00:00:26]} 37. Rxg5 {[%clk
00:04:47]} {[%emt 00:01:02]} Rd7 {[%clk 00:56:33]} {[%emt 00:00:13]} 38. Bc3
{[%clk 00:02:42]} {[%emt 00:02:37]} Rd3 {[%clk 00:56:24]} {[%emt 00:00:38]} 39.
Rc5 {[%clk 00:01:55]} {[%emt 00:01:17]} Ne3 {[%clk 00:56:32]} {[%emt 00:00:23]}
40. h4 {[%clk 00:00:48]} {[%emt 00:01:35]} Nd5 {[%clk 00:56:46]} {[%emt
00:00:18]} 41. Be5 {[%clk 00:27:44]} {[%emt 00:03:34]} c6 {[%clk 01:26:50]}
{[%emt 00:00:25]} 42. h5 {[%clk 00:27:49]} {[%emt 00:00:27]} Nxb4 {[%clk
01:27:12]} {[%emt 00:00:08]} 43. h6 {[%clk 00:27:39]} {[%emt 00:00:40]} 1-0

[Event "ODJM A 2023"]
[Site "Willingen GER"]
[Date "2023.05.31"]
[Round "6"]
[White "Uhlmann, Tim"]
[Black "Lohr, Maximilian"]
[Result "1/2-1/2"]
[Termination "normal"]
[Board "16"]
[WhiteElo "1859"]
[BlackElo "2106"]
[WhiteClock "00:37:49"]
[BlackClock "00:31:19"]
[PlyCount "113"]
[WhiteFideId "16239210"]
[BlackFideId "12999717"]
[EventCountry "GER"]
[EventRounds "9"]
[EventType "swiss"]
[EventDate "2023.05.27"]

1. c4 {[%clk 01:30:57]} {[%emt 00:00:03]} e5 {[%clk 01:30:53]} {[%emt
00:00:06]} 2. e4 {[%clk 01:31:23]} {[%emt 00:00:04]} c5 {[%clk 01:29:16]}
{[%emt 00:02:07]} 3. Nc3 {[%clk 01:31:46]} {[%emt 00:00:07]} Nc6 {[%clk
01:29:34]} {[%emt 00:00:13]} 4. d3 {[%clk 01:32:00]} {[%emt 00:00:16]} d6
{[%clk 01:28:36]} {[%emt 00:01:29]} 5. g3 {[%clk 01:31:26]} {[%emt 00:01:03]}
g6 {[%clk 01:28:59]} {[%emt 00:00:07]} 6. Bg2 {[%clk 01:31:48]} {[%emt
00:00:08]} Bg7 {[%clk 01:29:25]} {[%emt 00:00:03]} 7. Nge2 {[%clk 01:32:13]}
{[%emt 00:00:05]} Nge7 {[%clk 01:29:28]} {[%emt 00:00:27]} 8. O-O {[%clk
01:32:37]} {[%emt 00:00:06]} O-O {[%clk 01:29:54]} {[%emt 00:00:04]} 9. Be3
{[%clk 01:31:53]} {[%emt 00:01:14]} a6 {[%clk 01:23:14]} {[%emt 00:07:10]} 10.
a3 {[%clk 01:29:44]} {[%emt 00:02:41]} Rb8 {[%clk 01:22:51]} {[%emt 00:00:53]}
11. f4 {[%clk 01:29:16]} {[%emt 00:00:57]} Nd4 {[%clk 01:16:55]} {[%emt
00:06:27]} 12. Bxd4 {[%clk 01:27:15]} {[%emt 00:02:32]} cxd4 {[%clk 01:10:58]}
{[%emt 00:06:26]} 13. Nd5 {[%clk 01:23:38]} {[%emt 00:04:06]} Nxd5 {[%clk
01:10:30]} {[%emt 00:00:57]} 14. exd5 {[%clk 01:23:49]} {[%emt 00:00:20]} b5
{[%clk 01:10:02]} {[%emt 00:00:58]} 15. b3 {[%clk 01:19:47]} {[%emt 00:04:31]}
bxc4 {[%clk 01:10:20]} {[%emt 00:00:12]} 16. bxc4 {[%clk 01:20:13]} {[%emt
00:00:04]} Qa5 {[%clk 01:10:33]} {[%emt 00:00:18]} 17. fxe5 {[%clk 01:20:18]}
{[%emt 00:00:25]} dxe5 {[%clk 01:07:31]} {[%emt 00:03:32]} 18. Qc2 {[%clk
01:18:50]} {[%emt 00:01:58]} Qc5 {[%clk 00:58:13]} {[%emt 00:09:48]} 19. Nc1
{[%clk 01:08:05]} {[%emt 00:11:13]} Bd7 {[%clk 00:57:28]} {[%emt 00:01:16]} 20.
Nb3 {[%clk 01:06:34]} {[%emt 00:02:03]} Qb6 {[%clk 00:57:42]} {[%emt 00:00:15]}
21. Nd2 {[%clk 01:06:09]} {[%emt 00:00:54]} Qb2 {[%clk 00:43:14]} {[%emt
00:14:58]} 22. Qxb2 {[%clk 00:59:39]} {[%emt 00:07:00]} Rxb2 {[%clk 00:43:38]}
{[%emt 00:00:06]} 23. Ne4 {[%clk 00:58:52]} {[%emt 00:01:18]} Bf5 {[%clk
00:42:19]} {[%emt 00:01:51]} 24. Rab1 {[%clk 00:54:15]} {[%emt 00:05:04]} Rfb8
{[%clk 00:34:02]} {[%emt 00:08:48]} 25. Rxb2 {[%clk 00:53:49]} {[%emt
00:00:57]} Rxb2 {[%clk 00:34:28]} {[%emt 00:00:04]} 26. d6 {[%clk 00:51:04]}
{[%emt 00:03:14]} Bf8 {[%clk 00:24:31]} {[%emt 00:10:26]} 27. c5 {[%clk
00:41:55]} {[%emt 00:09:40]} Rc2 {[%clk 00:21:31]} {[%emt 00:03:31]} 28. Nf6+
{[%clk 00:41:51]} {[%emt 00:00:32]} Kh8 {[%clk 00:20:01]} {[%emt 00:02:02]} 29.
Nd5 {[%clk 00:41:51]} {[%emt 00:00:30]} Rxc5 {[%clk 00:19:19]} {[%emt
00:01:13]} 30. d7 {[%clk 00:41:15]} {[%emt 00:01:07]} Bxd7 {[%clk 00:17:27]}
{[%emt 00:02:19]} 31. Rxf7 {[%clk 00:40:14]} {[%emt 00:01:32]} Bb5 {[%clk
00:16:49]} {[%emt 00:01:07]} 32. Rxf8+ {[%clk 00:39:45]} {[%emt 00:00:59]} Kg7
{[%clk 00:17:16]} {[%emt 00:00:04]} 33. Rf1 {[%clk 00:37:09]} {[%emt 00:03:05]}
Bxd3 {[%clk 00:17:38]} {[%emt 00:00:10]} 34. Re1 {[%clk 00:36:51]} {[%emt
00:00:47]} Ra5 {[%clk 00:16:40]} {[%emt 00:01:28]} 35. Rxe5 {[%clk 00:36:03]}
{[%emt 00:01:19]} Rxa3 {[%clk 00:17:06]} {[%emt 00:00:06]} 36. Re1 {[%clk
00:31:56]} {[%emt 00:04:34]} Bf5 {[%clk 00:16:21]} {[%emt 00:01:18]} 37. Rd1
{[%clk 00:29:47]} {[%emt 00:02:36]} d3 {[%clk 00:15:41]} {[%emt 00:01:10]} 38.
Bf1 {[%clk 00:29:46]} {[%emt 00:00:32]} h5 {[%clk 00:15:21]} {[%emt 00:00:49]}
39. Nb4 {[%clk 00:28:16]} {[%emt 00:01:58]} h4 {[%clk 00:15:41]} {[%emt
00:00:13]} 40. Nxd3 {[%clk 00:26:42]} {[%emt 00:02:05]} hxg3 {[%clk 00:16:05]}
{[%emt 00:00:03]} 41. hxg3 {[%clk 00:27:07]} {[%emt 00:00:05]} Rc3 {[%clk
00:16:25]} {[%emt 00:00:11]} 42. Rd2 {[%clk 00:26:44]} {[%emt 00:00:50]} a5
{[%clk 00:16:38]} {[%emt 00:00:18]} 43. Kf2 {[%clk 00:26:01]} {[%emt 00:01:12]}
a4 {[%clk 00:16:41]} {[%emt 00:00:28]} 44. Ke3 {[%clk 00:24:40]} {[%emt
00:01:52]} a3 {[%clk 00:16:37]} {[%emt 00:00:34]} 45. Ra2 {[%clk 00:23:51]}
{[%emt 00:01:19]} Be6 {[%clk 00:15:54]} {[%emt 00:01:12]} 46. Ra1 {[%clk
00:24:14]} {[%emt 00:00:07]} a2 {[%clk 00:16:13]} {[%emt 00:00:13]} 47. Kd2
{[%clk 00:22:37]} {[%emt 00:02:06]} Rc8 {[%clk 00:16:36]} {[%emt 00:00:07]} 48.
Nc1 {[%clk 00:21:31]} {[%emt 00:01:34]} Kf6 {[%clk 00:07:06]} {[%emt 00:10:04]}
49. Bd3 {[%clk 00:18:58]} {[%emt 00:03:00]} Kg5 {[%clk 00:07:15]} {[%emt
00:00:24]} 50. Be4 {[%clk 00:14:33]} {[%emt 00:04:49]} Kg4 {[%clk 00:04:37]}
{[%emt 00:03:14]} 51. Nxa2 {[%clk 00:14:36]} {[%emt 00:00:27]} Kxg3 {[%clk
00:04:39]} {[%emt 00:00:27]} 52. Nc3 {[%clk 00:14:03]} {[%emt 00:01:01]} Bf5
{[%clk 00:04:24]} {[%emt 00:00:45]} 53. Rf1 {[%clk 00:10:02]} {[%emt 00:04:31]}
Rxc3 {[%clk 00:30:07]} {[%emt 00:04:48]} 54. Rg1+ {[%clk 00:37:10]} {[%emt
00:03:21]} Kf4 {[%clk 00:30:24]} {[%emt 00:00:14]} 55. Bxf5 {[%clk 00:37:11]}
{[%emt 00:00:29]} Rg3 {[%clk 00:30:51]} {[%emt 00:00:03]} 56. Rxg3 {[%clk
00:37:28]} {[%emt 00:00:13]} Kxg3 {[%clk 00:31:19]} {[%emt 00:00:03]} 57. Bxg6
{[%clk 00:37:49]} {[%emt 00:00:11]} 1/2-1/2

[Event "ODJM A 2023"]
[Site "Willingen GER"]
[Date "2023.05.31"]
[Round "6"]
[White "Vollbehr, Bjarne"]
[Black "Brunner, Tobias"]
[Result "0-1"]
[Termination "normal"]
[Board "17"]
[WhiteElo "1867"]
[BlackElo "2017"]
[WhiteClock "00:31:48"]
[BlackClock "00:18:19"]
[PlyCount "82"]
[WhiteFideId "34606025"]
[BlackFideId "12949833"]
[EventCountry "GER"]
[EventRounds "9"]
[EventType "swiss"]
[EventDate "2023.05.27"]

1. d4 {[%clk 01:30:56]} {[%emt 00:00:03]} Nf6 {[%clk 01:30:40]} {[%emt
00:00:21]} 2. c4 {[%clk 01:31:03]} {[%emt 00:00:23]} e6 {[%clk 01:31:03]}
{[%emt 00:00:07]} 3. Nf3 {[%clk 01:31:24]} {[%emt 00:00:10]} b6 {[%clk
01:31:19]} {[%emt 00:00:13]} 4. g3 {[%clk 01:31:46]} {[%emt 00:00:08]} Bb7
{[%clk 01:31:43]} {[%emt 00:00:06]} 5. Bg2 {[%clk 01:32:09]} {[%emt 00:00:07]}
Bb4+ {[%clk 01:31:51]} {[%emt 00:00:23]} 6. Bd2 {[%clk 01:32:23]} {[%emt
00:00:16]} Be7 {[%clk 01:32:15]} {[%emt 00:00:06]} 7. Nc3 {[%clk 01:32:43]}
{[%emt 00:00:08]} O-O {[%clk 01:32:38]} {[%emt 00:00:08]} 8. Qc2 {[%clk
01:33:02]} {[%emt 00:00:12]} d5 {[%clk 01:31:51]} {[%emt 00:01:16]} 9. cxd5
{[%clk 01:33:01]} {[%emt 00:00:31]} exd5 {[%clk 01:32:15]} {[%emt 00:00:06]}
10. O-O {[%clk 01:30:14]} {[%emt 00:03:18]} Na6 {[%clk 01:31:25]} {[%emt
00:01:20]} 11. Rac1 {[%clk 01:28:14]} {[%emt 00:02:30]} Ne4 {[%clk 01:24:40]}
{[%emt 00:07:15]} 12. a3 {[%clk 01:27:02]} {[%emt 00:01:41]} Nxd2 {[%clk
01:23:34]} {[%emt 00:01:36]} 13. Qxd2 {[%clk 01:26:06]} {[%emt 00:01:26]} c6
{[%clk 01:20:48]} {[%emt 00:03:16]} 14. b4 {[%clk 01:21:27]} {[%emt 00:05:09]}
Nc7 {[%clk 01:18:00]} {[%emt 00:03:18]} 15. h4 {[%clk 01:20:45]} {[%emt
00:01:12]} Ne6 {[%clk 01:16:10]} {[%emt 00:02:20]} 16. e3 {[%clk 01:19:26]}
{[%emt 00:01:49]} f6 {[%clk 01:13:30]} {[%emt 00:03:11]} 17. Ne2 {[%clk
01:16:04]} {[%emt 00:03:52]} Qd6 {[%clk 01:03:37]} {[%emt 00:10:23]} 18. Rc2
{[%clk 01:13:30]} {[%emt 00:03:04]} Ba6 {[%clk 01:02:02]} {[%emt 00:02:04]} 19.
Rfc1 {[%clk 01:12:53]} {[%emt 00:01:07]} Bc4 {[%clk 01:02:25]} {[%emt
00:00:07]} 20. e4 {[%clk 01:10:06]} {[%emt 00:03:18]} b5 {[%clk 00:57:04]}
{[%emt 00:05:51]} 21. e5 {[%clk 01:05:02]} {[%emt 00:05:34]} fxe5 {[%clk
00:50:40]} {[%emt 00:06:54]} 22. Nxe5 {[%clk 01:04:46]} {[%emt 00:00:45]} Bf6
{[%clk 00:49:20]} {[%emt 00:01:50]} 23. Re1 {[%clk 01:03:09]} {[%emt 00:02:06]}
Bxe5 {[%clk 00:44:47]} {[%emt 00:05:04]} 24. dxe5 {[%clk 01:03:22]} {[%emt
00:00:17]} Qc7 {[%clk 00:44:56]} {[%emt 00:00:21]} 25. Bh3 {[%clk 01:02:22]}
{[%emt 00:01:30]} Rae8 {[%clk 00:40:25]} {[%emt 00:05:01]} 26. Nd4 {[%clk
01:01:16]} {[%emt 00:01:36]} Nxd4 {[%clk 00:39:39]} {[%emt 00:01:16]} 27. Qxd4
{[%clk 01:01:32]} {[%emt 00:00:13]} Rf3 {[%clk 00:39:41]} {[%emt 00:00:28]} 28.
Rc3 {[%clk 00:57:53]} {[%emt 00:04:10]} Rxc3 {[%clk 00:35:13]} {[%emt
00:04:58]} 29. Qxc3 {[%clk 00:58:11]} {[%emt 00:00:12]} c5 {[%clk 00:34:25]}
{[%emt 00:01:18]} 30. Qf3 {[%clk 00:51:13]} {[%emt 00:07:28]} d4 {[%clk
00:31:51]} {[%emt 00:03:05]} 31. Bf1 {[%clk 00:49:29]} {[%emt 00:02:14]} Bxf1
{[%clk 00:27:44]} {[%emt 00:04:37]} 32. Qd5+ {[%clk 00:48:58]} {[%emt
00:01:00]} Kh8 {[%clk 00:27:35]} {[%emt 00:00:39]} 33. Kxf1 {[%clk 00:49:15]}
{[%emt 00:00:14]} cxb4 {[%clk 00:27:57]} {[%emt 00:00:07]} 34. Qxb5 {[%clk
00:49:13]} {[%emt 00:00:32]} Rb8 {[%clk 00:27:21]} {[%emt 00:01:06]} 35. Qd5
{[%clk 00:46:46]} {[%emt 00:02:57]} Rd8 {[%clk 00:26:42]} {[%emt 00:01:08]} 36.
Qb3 {[%clk 00:45:17]} {[%emt 00:01:59]} bxa3 {[%clk 00:26:50]} {[%emt
00:00:22]} 37. Qxa3 {[%clk 00:44:57]} {[%emt 00:00:51]} d3 {[%clk 00:26:08]}
{[%emt 00:01:12]} 38. Rd1 {[%clk 00:43:36]} {[%emt 00:01:50]} Qc2 {[%clk
00:22:27]} {[%emt 00:04:13]} 39. Qa1 {[%clk 00:42:04]} {[%emt 00:02:02]} Rf8
{[%clk 00:20:54]} {[%emt 00:02:03]} 40. f4 {[%clk 00:40:59]} {[%emt 00:01:34]}
Qh2 {[%clk 00:18:06]} {[%emt 00:03:18]} 41. Qa3 {[%clk 00:31:48]} {[%emt
00:09:42]} Qe2+ {[%clk 00:18:19]} {[%emt 00:00:15]} 0-1

[Event "ODJM A 2023"]
[Site "Willingen GER"]
[Date "2023.05.31"]
[Round "6"]
[White "Winkler, Yonathan"]
[Black "Menzel, Maximilian"]
[Result "1/2-1/2"]
[Termination "normal"]
[Board "18"]
[WhiteElo "2007"]
[BlackElo "1855"]
[WhiteClock "00:37:07"]
[BlackClock "00:31:39"]
[PlyCount "41"]
[WhiteFideId "16266080"]
[BlackFideId "34617280"]
[EventCountry "GER"]
[EventRounds "9"]
[EventType "swiss"]
[EventDate "2023.05.27"]

1. e4 {[%clk 01:30:55]} {[%emt 00:00:01]} c6 {[%clk 01:30:52]} {[%emt
00:00:12]} 2. Nf3 {[%clk 01:31:17]} {[%emt 00:00:07]} d5 {[%clk 01:31:17]}
{[%emt 00:00:06]} 3. Nc3 {[%clk 01:31:43]} {[%emt 00:00:03]} Bg4 {[%clk
01:31:41]} {[%emt 00:00:06]} 4. h3 {[%clk 01:32:09]} {[%emt 00:00:04]} Bxf3
{[%clk 01:32:08]} {[%emt 00:00:04]} 5. Qxf3 {[%clk 01:32:30]} {[%emt 00:00:08]}
Nf6 {[%clk 01:32:32]} {[%emt 00:00:07]} 6. Be2 {[%clk 01:31:37]} {[%emt
00:01:22]} e6 {[%clk 01:30:56]} {[%emt 00:02:06]} 7. O-O {[%clk 01:31:11]}
{[%emt 00:00:55]} Bc5 {[%clk 01:31:15]} {[%emt 00:00:13]} 8. d3 {[%clk
01:30:15]} {[%emt 00:01:25]} Nbd7 {[%clk 01:30:14]} {[%emt 00:01:31]} 9. Qg3
{[%clk 01:26:29]} {[%emt 00:04:16]} Qb8 {[%clk 01:16:10]} {[%emt 00:14:35]} 10.
Bf4 {[%clk 01:22:17]} {[%emt 00:04:40]} e5 {[%clk 01:12:19]} {[%emt 00:04:22]}
11. Bg5 {[%clk 01:22:20]} {[%emt 00:00:26]} Be7 {[%clk 01:02:12]} {[%emt
00:10:38]} 12. exd5 {[%clk 01:14:36]} {[%emt 00:08:14]} cxd5 {[%clk 01:02:00]}
{[%emt 00:00:42]} 13. Bf3 {[%clk 01:12:02]} {[%emt 00:03:04]} d4 {[%clk
00:51:18]} {[%emt 00:11:12]} 14. Bxf6 {[%clk 01:08:03]} {[%emt 00:04:29]} Nxf6
{[%clk 00:50:55]} {[%emt 00:00:53]} 15. Nd5 {[%clk 01:07:53]} {[%emt 00:00:39]}
Nxd5 {[%clk 00:49:15]} {[%emt 00:02:11]} 16. Bxd5 {[%clk 01:07:05]} {[%emt
00:01:18]} O-O {[%clk 00:47:15]} {[%emt 00:02:30]} 17. Rfe1 {[%clk 01:05:23]}
{[%emt 00:02:11]} Bd6 {[%clk 00:44:02]} {[%emt 00:03:45]} 18. Re4 {[%clk
00:59:33]} {[%emt 00:06:19]} Kh8 {[%clk 00:39:00]} {[%emt 00:05:32]} 19. Rh4
{[%clk 00:52:55]} {[%emt 00:07:08]} Qd8 {[%clk 00:35:39]} {[%emt 00:03:51]} 20.
Re4 {[%clk 00:37:12]} {[%emt 00:16:12]} f5 {[%clk 00:31:39]} {[%emt 00:04:31]}
21. Re2 {[%clk 00:37:07]} {[%emt 00:00:35]} 1/2-1/2